000
00414nam a2200145Ia 4500
008
100122s9999 xx 000 0 und d
082
_b
30974
_a
823
100
_a
कवीश्वर छबुताई
245
_a
जगावेगळी
260
_b
सुरस प्रकाशन
_c
1981
300
_a
68
630
_a
जगावेगळी
730
_a
जगावेगळी
942
_c
BOOK
999
_c
415743
_d
415740